000 00320nam a2200133Ia 4500
008 200103s9999||||xx |||||||||||||| ||und||
040 _aIMU-MPC
082 _aColumn-5
100 _aCockcroft, A.N.
245 2 _aA guide to the collision rules
260 _bKandy pPublications Ltd.
_c1965
300 _a128
942 _cBK
999 _c3457
_d3457